On behalf of the newly accepted honorary doctors of the university

Elmentve itt :
Bibliográfiai részletek
Szerző: Diczfalusy Egon
Dokumentumtípus: Könyv része
Megjelent: 1989
Sorozat:Studia Medica Szegedinensia 12
Albert Szent-Györgyi Medical University : renaming celebration. 10-11. December, 1987 12
Kulcsszavak:Orvostudományi egyetem - Szeged - névadó ünnepség - 1987
Tárgyszavak:
Online Access:http://acta.bibl.u-szeged.hu/46374
LEADER 00892naa a2200229 i 4500
001 acta46374
005 20220114081910.0
008 170218s1989 hu o 0|| eng d
020 |a 963 7179 178 
022 |a 0562-2883 
040 |a SZTE Egyetemi Kiadványok Repozitórium  |b hun 
041 |a eng 
100 1 |a Diczfalusy Egon 
245 1 3 |a On behalf of the newly accepted honorary doctors of the university  |h [elektronikus dokumentum] /  |c  Diczfalusy Egon 
260 |c 1989 
300 |a 29 
490 0 |a Studia Medica Szegedinensia  |v 12 
490 0 |a Albert Szent-Györgyi Medical University : renaming celebration. 10-11. December, 1987  |v 12 
650 4 |a Orvos- és egészségtudomány 
650 4 |a Általános orvostudomány 
695 |a Orvostudományi egyetem - Szeged - névadó ünnepség - 1987 
856 4 0 |u http://acta.bibl.u-szeged.hu/46374/1/studia_medica_012_029.pdf  |z Dokumentum-elérés